| 000 | 00583cam a2200181 a 4500 | ||
|---|---|---|---|
| 005 | 20250901165217.0 | ||
| 008 | 940418s1993 vaua b 000 0 eng d | ||
| 010 | _a 94146937 | ||
| 020 | _a187890180X | ||
| 050 | 0 | 0 |
_aHV553 .W75 1993 _b.W75 1993 |
| 082 | 0 | 0 |
_a363.3/48 _220 |
| 100 | 1 | _aWright, Ted. | |
| 245 | 1 | 0 |
_aWright's complete disaster survival manual / _cTed Wright. |
| 260 |
_aNorfolk, Va. : _bHampton Roads, _cc1993. |
||
| 300 |
_a285 p. : _bill. ; _c22 cm. |
||
| 500 | _a"How to prepare for earthquakes, floods, tornadoes, & other natural disasters"--Cover. | ||
| 942 | _2ddc | ||
| 999 |
_c374 _d374 |
||